| 000 | 00850nam a2200265Ia 4500 | ||
|---|---|---|---|
| 003 | OSt | ||
| 005 | 20220928104740.0 | ||
| 006 | a|||||r|||| 00| 0 | ||
| 007 | ta | ||
| 008 | 220927b |||||||| |||| 00| 0 eng d | ||
| 020 | _c995 | ||
| 024 | _a111162 | ||
| 037 |
_b69, 01/03/2011, Better Book Service _cTextual |
||
| 040 |
_aSDCL _cSDCL _beng |
||
| 041 |
_2eng _aeng |
||
| 082 | _aX:77.43'P, Q0 | ||
| 100 |
_aMeeta Kumar Ed. _9411857 |
||
| 245 | 0 | _aEconomic challenges to make South Asia free from poverty and deprivation. | |
| 260 |
_aNew Delhi _bAcademic Foundation _c2010 |
||
| 300 |
_a302p. _ccm. |
||
| 650 |
_aBusiness Economics _9391653 |
||
| 700 |
_a Pandey Mihir Ed. _9411858 |
||
| 942 |
_hX:77.43'P, Q0 _cTEXL _2CC |
||
| 999 |
_c727572 _d727572 |
||